De Landeheere, Gilbert - Delchambre, André Les comportements non verbaux de l'enseignant : comment les maîtres enseignent II. : a tanár nem verbális viselkedése : ahogyan a pedagógusok tanítanak II. : Paris: Nathan - Bruxelles: Ed. Labor 1979. 230 p. : [könyvismertetés] /

Elmentve itt :
Bibliográfiai részletek
Szerző: Cserné Adermann Gizella
További közreműködők: De Landeheere Gilbert
Delchambre André
Dokumentumtípus: Cikk
Megjelent: 1982
Sorozat:Magyar pedagógia : a Magyar Tudományos Akadémia Pedagógiai Bizottságának folyóirata 82 No. 3
Kulcsszavak:Oktatás non-verbális kommunikáció - könyvismeretetés, Tanítás
Online Access:http://misc.bibl.u-szeged.hu/13214
LEADER 01048nab a2200205 i 4500
001 misc13214
005 20191106141451.0
008 170607s1982 hu o 0|| hun d
022 |a 0025-0260 
040 |a SZTE Miscellanea Repozitórium  |b hun 
041 |a hun 
100 2 |a Cserné Adermann Gizella 
245 1 0 |a De Landeheere, Gilbert - Delchambre, André  |h [elektronikus dokumentum] :  |b Les comportements non verbaux de l'enseignant : comment les maîtres enseignent II. : a tanár nem verbális viselkedése : ahogyan a pedagógusok tanítanak II. : Paris: Nathan - Bruxelles: Ed. Labor 1979. 230 p. : [könyvismertetés] /  |c  Cserné Adermann Gizella 
260 |c 1982 
300 |a 282-284 
490 0 |a Magyar pedagógia : a Magyar Tudományos Akadémia Pedagógiai Bizottságának folyóirata  |v 82 No. 3 
695 |a Oktatás non-verbális kommunikáció - könyvismeretetés, Tanítás 
700 0 2 |a De Landeheere Gilbert 
700 0 2 |a Delchambre André 
856 4 0 |u http://misc.bibl.u-szeged.hu/13214/1/mp_1982_003_5627_282-284.pdf  |z Dokumentum-elérés